| 000 | 01031nam a22002537a 4500 | ||
|---|---|---|---|
| 003 | EG-ScBUE | ||
| 005 | 20211102120825.0 | ||
| 008 | 211102s2008 ua f r 000 0 ara d | ||
| 040 |
_aEG-ScBUE _bara _erda _cEG-ScBUE _dEG-ScBUE |
||
| 041 | 0 |
_aara _aeng |
|
| 082 | 0 | 4 |
_a015.6216075 _bد ل ي _222 |
| 245 | 0 | 0 | _aدليل رسائل الماجستير والدكتوراه 2008. |
| 264 | 1 |
_aالجيزة : _bالمركز القومي لبحوث الإسكان والبناء، إدارة التوثيق والمكتبة، _c2008. |
|
| 300 |
_a1 مجلد (متعدد الترقيم) ؛ _c24 سم |
||
| 336 |
_2rdacontent _aنص _btxt |
||
| 337 |
_2rdamedia _aبدون وسيط _bn |
||
| 338 |
_2rdacarrier _aمجلد _bnc |
||
| 541 |
_cإهداء ؛ _aد. مصطفى أدهم الدمرداش. |
||
| 546 | _aالنص باللغتين العربية والإنجليزية. | ||
| 650 | 7 |
_aالرسائل الجامعية _zمصر _vأدلة. _2BUEsh |
|
| 653 |
_bGGEN _cNovember2021 |
||
| 655 |
_vReading book _934232 |
||
| 942 | _2ddc | ||
| 999 |
_c29629 _d29600 |
||